Normal view
MARC view
- Brownlow, Arthur H
Entry Personal Name
001 - CONTROL NUMBER
- control field: 50766
003 - CONTROL NUMBER IDENTIFIER
- control field: NUST
005 - DATE AND TIME OF LATEST TRANSACTION
- control field: 20210314134800.0
008 - FIXED-LENGTH DATA ELEMENTS
- fixed length control field: 210314|| aca||aabn | a|a d
040 ## - CATALOGING SOURCE
- Original cataloging agency: NUST
- Transcribing agency: NUST
100 ## - HEADING--PERSONAL NAME
- Personal name: Brownlow, Arthur H
670 ## - SOURCE DATA FOUND
- Source citation: Work cat.: (NUST): Brownlow, Arthur H, Laboratory manual geology for engineers , 1965.
